LEADER 02207nam 2200625Ia 450 001 9910782038003321 005 20230721032357.0 010 $a1-282-15298-X 010 $a9786612152986 010 $a90-272-9234-5 035 $a(CKB)1000000000523053 035 $a(OCoLC)191930979 035 $a(CaPaEBR)ebrary10179980 035 $a(SSID)ssj0000128857 035 $a(PQKBManifestationID)11150074 035 $a(PQKBTitleCode)TC0000128857 035 $a(PQKBWorkID)10070215 035 $a(PQKB)11632855 035 $a(MiAaPQ)EBC622345 035 $a(Au-PeEL)EBL622345 035 $a(CaPaEBR)ebr10179980 035 $a(CaONFJC)MIL215298 035 $a(OCoLC)237626116 035 $a(EXLCZ)991000000000523053 100 $a20070323d2007 uy 0 101 0 $aeng 135 $aurcn||||||||| 181 $ctxt 182 $cc 183 $acr 200 10$aConnectives in the history of English$b[electronic resource] $e[selected papers from 13th ICEHL, Vienna, 23-28 August 2004] /$fedited by Ursula Lenker 210 $aAmsterdam ;$aPhiladelphia $cJohn Benjamins Pub.$d2007 215 $a1 online resource (328 p.) 225 0 $aAmsterdam studies in the theory and history of linguistic science. Series IV, Current issues in linguistic theory,$x0304-0763 ;$vv.283 300 $aBibliographic Level Mode of Issuance: Monograph 311 $a90-272-4798-6 320 $aIncludes bibliographical references and index. 606 $aEnglish language$xHistory$vCongresses 606 $aEnglish language$xGrammar$vCongresses 606 $aEnglish language$xConnectives$vCongresses 606 $aEnglish language$xGrammar, Historical$vCongresses 615 0$aEnglish language$xHistory 615 0$aEnglish language$xGrammar 615 0$aEnglish language$xConnectives 615 0$aEnglish language$xGrammar, Historical 676 $a420/.9 701 $aLenker$b Ursula$01466435 712 12$aInternational Conference on English Historical Linguistics 801 0$bMiAaPQ 801 1$bMiAaPQ 801 2$bMiAaPQ 906 $aBOOK 912 $a9910782038003321 996 $aConnectives in the history of English$93848191 997 $aUNINA LEADER 01056nam--2200349---450 001 990000637010203316 005 20240611152830.0 035 $a0063701 035 $aUSA010063701 035 $a(ALEPH)000063701USA01 035 $a0063701 100 $a20010924d1970----km-y0itay0103----ba 101 $aeng 102 $aDE 105 $a||||||||001yy 200 1 $aArithmetical Functions$fK. Chandrasekharan 210 $aBerlin$cSpringer-Verlag$d1970 215 $a231 p.$d24 cm 225 2 $a<> Grundlehren der Mathematischen Wissenschaften$v167 410 0$1001000316845$12001$a<> Grundlehren der Mathematischen Wissenschaften$v167 676 $a510. 700 1$aCHANDRASEKHARAN,$bK.$041838 801 0$aIT$bsalbc$gISBD 912 $a990000637010203316 951 $a510 GLM 167$b3956 CBS$c510$d00108781 959 $aBK 969 $aSCI 979 $aPATTY$b90$c20010924$lUSA01$h1548 979 $c20020403$lUSA01$h1713 979 $aPATRY$b90$c20040406$lUSA01$h1644 996 $aArithmetical functions$979703 997 $aUNISA